Every Country Shape - (Random) - Statistics

General Stats
  • This quiz has been taken 28 times
  • The average score is 115 of 196
Answer Stats
Picture Answer % Correct
Ecuador
82%
Tajikistan
82%
Antigua and Barbuda
73%
Australia
73%
Chad
73%
China
73%
Dominica
73%
Ghana
73%
Haiti
73%
Indonesia
73%
Italy
73%
Kuwait
73%
Malawi
73%
Malta
73%
Mexico
73%
Niger
73%
Peru
73%
Senegal
73%
Syria
73%
Taiwan
73%
Tunisia
73%
Turkey
73%
Albania
64%
Algeria
64%
Angola
64%
Argentina
64%
Austria
64%
Azerbaijan
64%
Bahamas
64%
Belize
64%
Bosnia and Herzegovina
64%
Burkina Faso
64%
Burundi
64%
Canada
64%
Cape Verde
64%
Chile
64%
Costa Rica
64%
Czech Republic
64%
Denmark
64%
D.R. Congo
64%
Egypt
64%
Estonia
64%
Ethiopia
64%
Finland
64%
France
64%
F.S. Micronesia
64%
Gabon
64%
Georgia
64%
Germany
64%
Greece
64%
Guatemala
64%
Honduras
64%
Hungary
64%
India
64%
Iran
64%
Iraq
64%
Israel
64%
Kazakhstan
64%
Kiribati
64%
Kosovo
64%
Lebanon
64%
Libya
64%
Liechtenstein
64%
Lithuania
64%
Madagascar
64%
Mali
64%
Mauritania
64%
Morocco
64%
Myanmar
64%
Nauru
64%
Nicaragua
64%
Norway
64%
Pakistan
64%
Panama
64%
Philippines
64%
Poland
64%
Portugal
64%
Rep. of the Congo
64%
Saint Kitts and Nevis
64%
Saint Lucia
64%
São Tomé and Príncipe
64%
Saudi Arabia
64%
Seychelles
64%
Slovakia
64%
Slovenia
64%
Solomon Islands
64%
South Korea
64%
Sri Lanka
64%
Trinidad and Tobago
64%
Turkmenistan
64%
Ukraine
64%
United Arab Emirates
64%
United States
64%
Uzbekistan
64%
Vatican City
64%
Vietnam
64%
Yemen
64%
Afghanistan
55%
Andorra
55%
Armenia
55%
Bahrain
55%
Bangladesh
55%
Belarus
55%
Belgium
55%
Botswana
55%
Brazil
55%
Cambodia
55%
Cameroon
55%
Central African Republic
55%
Colombia
55%
Comoros
55%
Croatia
55%
Cuba
55%
Cyprus
55%
Djibouti
55%
Dominican Republic
55%
Equatorial Guinea
55%
Eritrea
55%
Eswatini
55%
Fiji
55%
Grenada
55%
Guyana
55%
Iceland
55%
Ireland
55%
Ivory Coast
55%
Jordan
55%
Kyrgyzstan
55%
Laos
55%
Lesotho
55%
Luxembourg
55%
Malaysia
55%
Maldives
55%
Mauritius
55%
Moldova
55%
Monaco
55%
Mongolia
55%
Nepal
55%
Netherlands
55%
North Korea
55%
North Macedonia
55%
Oman
55%
Papua New Guinea
55%
Paraguay
55%
Qatar
55%
Romania
55%
Russia
55%
Rwanda
55%
San Marino
55%
Serbia
55%
Singapore
55%
Somalia
55%
South Africa
55%
South Sudan
55%
Spain
55%
St. Vincent and the Grenadines
55%
Sudan
55%
Suriname
55%
Switzerland
55%
Thailand
55%
Togo
55%
Tonga
55%
Uganda
55%
United Kingdom
55%
Vanuatu
55%
Venezuela
55%
Zambia
55%
Zimbabwe
55%
Benin
45%
Bhutan
45%
Bolivia
45%
Brunei
45%
Bulgaria
45%
East Timor
45%
El Salvador
45%
Gambia
45%
Guinea-Bissau
45%
Jamaica
45%
Japan
45%
Kenya
45%
Latvia
45%
Liberia
45%
Marshall Islands
45%
Montenegro
45%
Mozambique
45%
Namibia
45%
New Zealand
45%
Nigeria
45%
Palau
45%
Samoa
45%
Sierra Leone
45%
Sweden
45%
Tanzania
45%
Tuvalu
45%
Uruguay
45%
Barbados
36%
Guinea
36%
No matching quizzes found
Score Distribution
Percent of People with Each Score
Percentile by Number Answered
Your Score History
You have not taken this quiz